| 000 | 00590cam a2200229 i 4500 | ||
|---|---|---|---|
| 001 | 2690198 | ||
| 005 | 20180129035223.0 | ||
| 008 | 750919s1976 moua b 001 0 eng | ||
| 010 | _a 75031827 | ||
| 020 | _a0801601126 | ||
| 040 |
_aDLC _cDLC _dDLC |
||
| 041 | _aeng | ||
| 060 | _aW21 I61 | ||
| 080 | _a610.69 ALL | ||
| 082 | 0 | 0 | _a610.69 ALL |
| 100 | _a3 | ||
| 101 | _aSHM | ||
| 245 | 0 | 0 |
_aIntroduction to health professions / _cedited by Anne S. Allen. |
| 504 | _aIncludes bibliographies and index. | ||
| 906 |
_a7 _bcbc _corignew _d1 _eocip _f19 _gy-gencatlg |
||
| 942 |
_2ddc _cBK |
||
| 999 |
_c41122 _d41122 |
||